000 01251nam a2200325 i 4500
001 193765
003 SpMaBN
005 20240411173310.0
007 ta
008 240112s1948 sp | ||| ||spa
016 7 _abimoBNE19950160782
_zBNE20030846390
_2SpMaBN
035 _a(OCoLC)434071543
035 _abimo0000441666
040 _aSpMaBN
_bspa
_cSpMaBN
_erdc
_dES-MaACL
080 _a946.0"1936/39"(093.3)
100 0 _aArques, Enrique,
_d1885-1970
_0XX836852
_923194
_eaut
245 1 0 _a17 de julio :
_bla epopeya de África : crónica de un testigo /
_c[Enrique Arqués].
250 _a2ª ed.
260 _aMadrid :
_bInstituto Editorial Reus,
_c1948
300 _a223, [15] h. de lám., [30] p. de lám., [2] p. de map. :
_blám. ;
_c27 cm
336 _2rdacontent
_atexto
337 _2rdamedia
_asin mediación
338 _2rdacarrier
_avolumen
651 4 _aEspaña-
_xHistoria-
_y1936-1939, Guerra civil-
_vRelatos personales
_2embne
_98326
852 _aEs-MaACL
_cDEPO1
_jA-15129
_hLegado: Basilio Martín Patino
_9201315
903 _aMartín Patino, Basilio,
_d1930-2017
_q1
_ednr
_977596
942 _n0
_cMONOGRAFIA
999 _c193765
_d193765